书目信息 |
| 题名: |
做距离孩子最近的妈妈
|
|
| 作者: | 周金萍 著 | |
| 分册: | ||
| 出版信息: | 北京 电子工业出版社 2019 |
|
| 页数: | 13,157页 | |
| 开本: | 23cm | |
| 丛书名: | ||
| 单 册: | ||
| 中图分类: | G78-53 | |
| 科图分类: | ||
| 主题词: | 小学生--家庭教育--文集 | |
| 电子资源: | ||
| ISBN: | 978-7-121-35848-7 | |
| 000 | 01055nam0 2200265 450 | |
| 001 | 012001003594 | |
| 005 | 20131013160725.0 | |
| 010 | @a978-7-121-35848-7@dCNY40.00 | |
| 100 | @a20190406d2019 em y0chiy50 ea | |
| 101 | 0 | @achi |
| 102 | @aCN@b110000 | |
| 105 | @ay z 000yy | |
| 106 | @ar | |
| 200 | 1 | @a做距离孩子最近的妈妈@Azuo ju li hai zi zui jin de ma ma@e陪孩子一起上小学@f周金萍著 |
| 210 | @a北京@c电子工业出版社@d2019 | |
| 215 | @a13,157页@d23cm | |
| 300 | @a小猛犸童书 | |
| 314 | @a周金萍,女,毕业于北京师范大学。专栏作家、湖南省津市作协副主席。著有长篇小说《妈妈小时候》。 | |
| 330 | @a本书是作者对以其女儿为代表的00后小学生当下状态的观察与反思,并针对当前小学生家庭教育的痛点,提出了若干颇具可行性的方案。全书分为营养篇、实操篇和提升篇三大篇章,引导父母更有效的陪孩子上小学,让孩子爱上小学生活。 | |
| 517 | 1 | @a陪孩子一起上小学@Apei hai zi yi qi shang xiao xue |
| 606 | 0 | @a小学生@x家庭教育@j文集 |
| 690 | @aG78-53@v5 | |
| 701 | 0 | @a周金萍@Azhou jin ping@4著 |
| 801 | @b江苏凤凰@c20191020 | |
| 905 | @b1233355-60@dG78-53@e1523@f6 | |
| 做距离孩子最近的妈妈:陪孩子一起上小学/周金萍著.-北京:电子工业出版社,2019 |
| 13,157页;23cm |
| 小猛犸童书 |
| ISBN 978-7-121-35848-7:CNY40.00 |
| 本书是作者对以其女儿为代表的00后小学生当下状态的观察与反思,并针对当前小学生家庭教育的痛点,提出了若干颇具可行性的方案。全书分为营养篇、实操篇和提升篇三大篇章,引导父母更有效的陪孩子上小学,让孩子爱上小学生活。 |
| ● |
| 相关链接 |
|
|
|
|
正题名:做距离孩子最近的妈妈
索取号:G78-53/1523
 
预约/预借
| 序号 | 登录号 | 条形码 | 馆藏地/架位号 | 状态 | 备注 |
| 1 | 1233355 | 212333553 | 第一样本阅览室/ [索取号:G78-53/1523] | 在馆 | |
| 2 | 1233356 | 212333562 | 第四借阅区/ [索取号:G78-53/1523] | 在馆 | |
| 3 | 1233357 | 212333571 | 第四借阅区/ [索取号:G78-53/1523] | 在馆 | |
| 4 | 1233358 | 212333580 | 教育系资料室/ [索取号:G78-53/1523] | 在馆 | |
| 5 | 1233359 | 212333599 | 教育系资料室/ [索取号:G78-53/1523] | 在馆 | |
| 6 | 1233360 | 212333606 | 教育系资料室/ [索取号:G78-53/1523] | 在馆 |